000 00374nam a2200145 i 4500
001 bg
100 1 _aKOSOWICZ, Piotr
245 0 _aSieci komputerowe :
_bpolski i angielski słownik terminologii /
_cP.Kosowicz.
260 _aWarszawa,
_c1990.
650 9 _aSieć komputerowa
040 _cBPK
041 _apol
942 _cKS
008 s pl f |000 0 pol
999 _c29287
_d29287
856 _uhttp://koha.tu.koszalin.pl/cgi-bin/koha/opac-detail.pl?biblionumber=29287
_yKatalog online BPK